<?xml version="1.0" encoding="UTF-8"?>
<record
    xmlns:xsi="http://www.w3.org/2001/XMLSchema-instance"
    xsi:schemaLocation="http://www.loc.gov/MARC21/slim http://www.loc.gov/standards/marcxml/schema/MARC21slim.xsd"
    xmlns="http://www.loc.gov/MARC21/slim">

  <leader>01777cam a2200277 i 4500</leader>
  <controlfield tag="005">20250709082739.0</controlfield>
  <datafield tag="020" ind1=" " ind2=" ">
    <subfield code="a">9781003000594</subfield>
  </datafield>
  <datafield tag="020" ind1=" " ind2=" ">
    <subfield code="a">9780367430054</subfield>
  </datafield>
  <datafield tag="020" ind1=" " ind2=" ">
    <subfield code="a">9780367430061</subfield>
  </datafield>
  <datafield tag="040" ind1=" " ind2=" ">
    <subfield code="a">MUL</subfield>
    <subfield code="b">eng</subfield>
    <subfield code="e">AACR2</subfield>
  </datafield>
  <datafield tag="082" ind1="0" ind2="0">
    <subfield code="a">658.4012 AMA</subfield>
  </datafield>
  <datafield tag="100" ind1="1" ind2=" ">
    <subfield code="a">Amason, Allen C,</subfield>
  </datafield>
  <datafield tag="245" ind1="1" ind2="0">
    <subfield code="a">Strategic management :</subfield>
    <subfield code="b">from theory to practice /</subfield>
    <subfield code="c">Allen C Amason and Andrew Ward.</subfield>
  </datafield>
  <datafield tag="250" ind1=" " ind2=" ">
    <subfield code="a">2nd.ed.</subfield>
  </datafield>
  <datafield tag="260" ind1=" " ind2=" ">
    <subfield code="a">New York :</subfield>
    <subfield code="b">Routledge.,</subfield>
    <subfield code="c">c2021</subfield>
  </datafield>
  <datafield tag="300" ind1=" " ind2=" ">
    <subfield code="a">xvi,317p.:</subfield>
    <subfield code="b">ill.:</subfield>
    <subfield code="c">23cm.</subfield>
  </datafield>
  <datafield tag="500" ind1=" " ind2=" ">
    <subfield code="a">Revised edition of Strategic management, 2011.</subfield>
  </datafield>
  <datafield tag="504" ind1=" " ind2=" ">
    <subfield code="a">Includes bibliographical references and index.</subfield>
  </datafield>
  <datafield tag="520" ind1=" " ind2=" ">
    <subfield code="a">"A focus on creating and sustaining a flow of profitable transactions, in other words, the creation of sustainable competitive advantage is the seemingly simple, yet complex goal of strategic leaders and managers. Allen Amason and Andrew Ward approach the topic of strategic management with this focus in mind. Rather than simply teaching theory and research, Amason and Ward seek to convey the fundamental keys to how strategy works. This book is designed to help students think critically and understand fully how to strategically manage their future firms. In so doing, it will enable them to adapt and learn, even as their circumstances change; to apply sound logic and reasoning, even in new and unfamiliar settings. By conveying enduring and fundamental principles of economic and human behavior rather than simply reporting on the latest innovations, this book succeeds in preparing students to excel in the business environment over time, regardless of how it evolves"--</subfield>
  </datafield>
  <datafield tag="546" ind1=" " ind2=" ">
    <subfield code="a">eng.</subfield>
  </datafield>
  <datafield tag="650" ind1=" " ind2="0">
    <subfield code="a">Strategic planning.</subfield>
  </datafield>
  <datafield tag="650" ind1=" " ind2="0">
    <subfield code="a">Management.</subfield>
  </datafield>
  <datafield tag="650" ind1=" " ind2="0">
    <subfield code="a">Organizational  Performance</subfield>
  </datafield>
  <datafield tag="700" ind1="1" ind2=" ">
    <subfield code="a">Ward, Andrew</subfield>
  </datafield>
  <datafield tag="942" ind1=" " ind2=" ">
    <subfield code="c">BK</subfield>
  </datafield>
  <datafield tag="999" ind1=" " ind2=" ">
    <subfield code="c">11036</subfield>
    <subfield code="d">11036</subfield>
  </datafield>
  <datafield tag="952" ind1=" " ind2=" ">
    <subfield code="0">0</subfield>
    <subfield code="1">0</subfield>
    <subfield code="4">0</subfield>
    <subfield code="7">0</subfield>
    <subfield code="a">MU005</subfield>
    <subfield code="b">MU005</subfield>
    <subfield code="d">2025-07-01</subfield>
    <subfield code="e">Mark Solution</subfield>
    <subfield code="l">0</subfield>
    <subfield code="o">658.4012 AMA</subfield>
    <subfield code="p">TCC0087689</subfield>
    <subfield code="r">2025-07-09 08:32:45</subfield>
    <subfield code="t">1</subfield>
    <subfield code="w">2025-07-09</subfield>
    <subfield code="y">BK</subfield>
  </datafield>
  <datafield tag="952" ind1=" " ind2=" ">
    <subfield code="0">0</subfield>
    <subfield code="1">0</subfield>
    <subfield code="4">0</subfield>
    <subfield code="7">0</subfield>
    <subfield code="a">MU005</subfield>
    <subfield code="b">MU005</subfield>
    <subfield code="d">2025-07-01</subfield>
    <subfield code="e">Mark Solution</subfield>
    <subfield code="l">0</subfield>
    <subfield code="o">658.4012 AMA</subfield>
    <subfield code="p">TCC0087690</subfield>
    <subfield code="r">2025-07-09 08:32:45</subfield>
    <subfield code="t">2</subfield>
    <subfield code="w">2025-07-09</subfield>
    <subfield code="y">BK</subfield>
  </datafield>
  <datafield tag="952" ind1=" " ind2=" ">
    <subfield code="0">0</subfield>
    <subfield code="1">0</subfield>
    <subfield code="4">0</subfield>
    <subfield code="7">0</subfield>
    <subfield code="a">MU005</subfield>
    <subfield code="b">MU005</subfield>
    <subfield code="d">2025-07-01</subfield>
    <subfield code="e">Mark Solution</subfield>
    <subfield code="l">0</subfield>
    <subfield code="o">658.4012 AMA</subfield>
    <subfield code="p">TCC0087691</subfield>
    <subfield code="r">2025-07-09 08:32:45</subfield>
    <subfield code="t">3</subfield>
    <subfield code="w">2025-07-09</subfield>
    <subfield code="y">BK</subfield>
  </datafield>
  <datafield tag="952" ind1=" " ind2=" ">
    <subfield code="0">0</subfield>
    <subfield code="1">0</subfield>
    <subfield code="4">0</subfield>
    <subfield code="7">0</subfield>
    <subfield code="a">MU005</subfield>
    <subfield code="b">MU005</subfield>
    <subfield code="d">2025-07-01</subfield>
    <subfield code="e">Mark Solution</subfield>
    <subfield code="l">0</subfield>
    <subfield code="o">658.4012 AMA</subfield>
    <subfield code="p">TCC0087692</subfield>
    <subfield code="r">2025-07-09 08:32:45</subfield>
    <subfield code="t">4</subfield>
    <subfield code="w">2025-07-09</subfield>
    <subfield code="y">BK</subfield>
  </datafield>
  <datafield tag="952" ind1=" " ind2=" ">
    <subfield code="0">0</subfield>
    <subfield code="1">0</subfield>
    <subfield code="4">0</subfield>
    <subfield code="7">0</subfield>
    <subfield code="a">MU005</subfield>
    <subfield code="b">MU005</subfield>
    <subfield code="d">2025-07-01</subfield>
    <subfield code="e">Mark Solution</subfield>
    <subfield code="l">0</subfield>
    <subfield code="o">658.4012 AMA</subfield>
    <subfield code="p">TCC0087693</subfield>
    <subfield code="r">2025-07-09 08:32:45</subfield>
    <subfield code="t">5</subfield>
    <subfield code="w">2025-07-09</subfield>
    <subfield code="y">BK</subfield>
  </datafield>
  <datafield tag="952" ind1=" " ind2=" ">
    <subfield code="0">0</subfield>
    <subfield code="1">0</subfield>
    <subfield code="4">0</subfield>
    <subfield code="7">0</subfield>
    <subfield code="a">MU005</subfield>
    <subfield code="b">MU005</subfield>
    <subfield code="d">2025-07-01</subfield>
    <subfield code="e">Mark Solution</subfield>
    <subfield code="l">0</subfield>
    <subfield code="o">658.4012 AMA</subfield>
    <subfield code="p">TCC0087694</subfield>
    <subfield code="r">2025-07-09 08:32:45</subfield>
    <subfield code="t">6</subfield>
    <subfield code="w">2025-07-09</subfield>
    <subfield code="y">BK</subfield>
  </datafield>
</record>
